Đảng cộng sản Việt Nam lãnh đạo công tác thông tin đối ngoại 1991 - 2010 : Sách tham khảo

Nội dung sách trình bày một số kết quả đạt được và hạn chế trong công tác thông tin đối ngoại của Đảng trong những năm qua, đồng thời rút ra những kinh nghiệm để không ngừng nâng cao nhận thức, đổi mới tư duy nhằm nâng cao chất lượng cco...

Cijeli opis

Spremljeno u:
Bibliografski detalji
Glavni autor: Nguyễn, Chí Thảo
Format: Knjiga
Jezik:Undetermined
Izdano: Hà Nội Chính trị Quốc gia - Sự thật 2012
Teme:
Oznake: Dodaj oznaku
Bez oznaka, Budi prvi tko označuje ovaj zapis!
Thư viện lưu trữ: Trung tâm Học liệu Trường Đại học Cần Thơ
LEADER 01187nam a2200229Ia 4500
001 CTU_207399
008 210402s9999 xx 000 0 und d
020 |c 35000 
082 |a 324.2597075 
082 |b Th108 
100 |a Nguyễn, Chí Thảo 
245 0 |a Đảng cộng sản Việt Nam lãnh đạo công tác thông tin đối ngoại 1991 - 2010 : 
245 0 |b Sách tham khảo 
245 0 |c Nguyễn Chí Thảo 
260 |a Hà Nội 
260 |b Chính trị Quốc gia - Sự thật 
260 |c 2012 
520 |a Nội dung sách trình bày một số kết quả đạt được và hạn chế trong công tác thông tin đối ngoại của Đảng trong những năm qua, đồng thời rút ra những kinh nghiệm để không ngừng nâng cao nhận thức, đổi mới tư duy nhằm nâng cao chất lượng ccông tác này. 
650 |a Communist parties,Political parties,Đảng Cộng Sản,Đảng chính trị 
650 |z Vietnam,Vietnam,Việt Nam,Việt Nam 
904 |i Qhieu 
980 |a Trung tâm Học liệu Trường Đại học Cần Thơ